広島駅から出ている行き先 - Statistics

General Stats
  • This quiz has been taken 281 times
  • The average score is 27 of 40
Answer Stats
Answer % Correct
博多
99%
岡山
98%
東京
97%
名古屋
97%
新大阪
97%
鹿児島中央
97%
熊本
96%
福山
95%
新山口
94%
92%
岩国
90%
三原
88%
87%
徳山
81%
あき亀山
81%
三次
80%
糸崎
78%
糸崎
78%
西条
71%
広電宮島口
65%
五日市
64%
大野浦
62%
広島港・宇品
61%
59%
下深川
58%
瀬野
56%
白市
56%
狩留家
54%
広電西広島・己斐
50%
南岩国
49%
緑井
49%
江波
47%
由宇
42%
梅林
38%
広電本社前
38%
志和口
34%
安浦
31%
広電廿日市
27%
日赤病院前
19%
宇品二丁目
16%
No matching quizzes found
Score Distribution
Percent of People with Each Score
Percentile by Number Answered
Your Score History
You have not taken this quiz